<?xml version="1.0" encoding="UTF-8"?>
<record
    xmlns:xsi="http://www.w3.org/2001/XMLSchema-instance"
    xsi:schemaLocation="http://www.loc.gov/MARC21/slim http://www.loc.gov/standards/marcxml/schema/MARC21slim.xsd"
    xmlns="http://www.loc.gov/MARC21/slim">

  <leader>00753nam a22000977a 4500</leader>
  <controlfield tag="008">190410|           ||| | ||||||0| ||spa d</controlfield>
  <datafield tag="245" ind1=" " ind2=" ">
    <subfield code="a">Cart&#xED;lago Tiroides Osificado</subfield>
  </datafield>
  <datafield tag="300" ind1=" " ind2=" ">
    <subfield code="e">Cart&#xED;lago Tiroides Osificado</subfield>
  </datafield>
  <datafield tag="653" ind1=" " ind2=" ">
    <subfield code="a">Es el m&#xE1;s grande de los nueve cart&#xED;lagos que forman el esqueleto de la laringe</subfield>
    <subfield code="a">Se encuentra situado por encima del arco cricoideo</subfield>
    <subfield code="a"> Est&#xE1; formado por dos l&#xE1;minas sim&#xE9;tricas con forma cuadril&#xE1;tera. La uni&#xF3;n de estas dos l&#xE1;minas forma la prominencia lar&#xED;ngea</subfield>
    <subfield code="a">Los bordes posteriores del cart&#xED;lago tiroides van a terminar en dos cuernos o astas: superiores e inferiores. Los superiores prestan inserci&#xF3;n a los ligamentos tirohioideos laterales; los inferiores se articulan con el cart&#xED;lago cricoides. </subfield>
  </datafield>
  <datafield tag="942" ind1=" " ind2=" ">
    <subfield code="c">HUESOS</subfield>
    <subfield code="2">ddc</subfield>
  </datafield>
  <datafield tag="999" ind1=" " ind2=" ">
    <subfield code="c">3183</subfield>
    <subfield code="d">3183</subfield>
  </datafield>
  <datafield tag="952" ind1=" " ind2=" ">
    <subfield code="0">0</subfield>
    <subfield code="1">0</subfield>
    <subfield code="2">ddc</subfield>
    <subfield code="4">0</subfield>
    <subfield code="7">0</subfield>
    <subfield code="a">BFM</subfield>
    <subfield code="b">BFM</subfield>
    <subfield code="d">2023-08-15</subfield>
    <subfield code="e">Donaci&#xF3;n Agosto 2023</subfield>
    <subfield code="l">1</subfield>
    <subfield code="p">CTIR 138</subfield>
    <subfield code="r">2023-09-29</subfield>
    <subfield code="s">2023-09-29</subfield>
    <subfield code="t">Ej. 1</subfield>
    <subfield code="w">0000-00-00</subfield>
    <subfield code="y">HUESOS</subfield>
    <subfield code="z">Donaci&#xF3;n Agosto 2023</subfield>
    <subfield code="f"></subfield>
  </datafield>
</record>
